<?xml version="1.0" encoding="UTF-8"?>
<collection xmlns="http://www.loc.gov/MARC21/slim">
 <record>
  <leader>02070nam a2200205Ia 4500</leader>
  <controlfield tag="001">CTU_149103</controlfield>
  <controlfield tag="008">210402s9999    xx            000 0 und d</controlfield>
  <datafield tag="020" ind1=" " ind2=" ">
   <subfield code="c">44000</subfield>
  </datafield>
  <datafield tag="082" ind1=" " ind2=" ">
   <subfield code="a">666.94</subfield>
  </datafield>
  <datafield tag="082" ind1=" " ind2=" ">
   <subfield code="b">L561</subfield>
  </datafield>
  <datafield tag="100" ind1=" " ind2=" ">
   <subfield code="a">Võ, Đình Lương</subfield>
  </datafield>
  <datafield tag="245" ind1=" " ind2="0">
   <subfield code="a">Hóa học và công nghệ sản xuất xi măng</subfield>
  </datafield>
  <datafield tag="245" ind1=" " ind2="0">
   <subfield code="c">Võ Đình Lương</subfield>
  </datafield>
  <datafield tag="260" ind1=" " ind2=" ">
   <subfield code="a">Hà Nội</subfield>
  </datafield>
  <datafield tag="260" ind1=" " ind2=" ">
   <subfield code="b">Khoa học và Kỹ thuật</subfield>
  </datafield>
  <datafield tag="260" ind1=" " ind2=" ">
   <subfield code="c">2008</subfield>
  </datafield>
  <datafield tag="520" ind1=" " ind2=" ">
   <subfield code="a">Bước vào thời kỳ hội nhập kinh tế khu vực và thế giới, thực hiện đường lối đổi mới của Đảng, ngành công nghệ sản xuất xi măng của Việt Nam đã có những bước tiến rất nhanh và vững mạnh. Từ đó đã đặt ra một vấn đề rất lớn là công tác đào tạo đội ngũ kỹ sư silicat và kỹ sư công nghệ vật liệu xây dựng, có khả năng quản lý tốt về kinh tế kỹ thuật, cũng như đào tạo đội ngũ cán bộ kỹ thuật và công nhân có tay nghề cao, bảo đảm thực hiện công việc điều hành sản xuất ở các nhà máy đạt hiệu quả kinh tế kỹ thuật tốt nhất. Chính với mục đích trên, sách “hoá học và công nghệ sản xuất xi măng” đã được biên soạn. Trước tiên nhằm trang bị cho sinh viên của các trường đại học và cao đẳng về chuyên ngành công nghệ vật liệu silicat và chuyên ngành công nghệ vật liệu xây dựng những kiến thức cơ bản, đồng thời có hệ thống về công nghệ sản xuất các chất kết dính nói chung, đặc biệt là đối với xi măng portland nói riêng.</subfield>
  </datafield>
  <datafield tag="650" ind1=" " ind2=" ">
   <subfield code="a">Building materials,Cement</subfield>
  </datafield>
  <datafield tag="904" ind1=" " ind2=" ">
   <subfield code="i">Giang</subfield>
  </datafield>
  <datafield tag="980" ind1=" " ind2=" ">
   <subfield code="a">Trung tâm Học liệu Trường Đại học Cần Thơ</subfield>
  </datafield>
 </record>
</collection>
